Indicaciones metodológicas para la enseñanza de la aritmética elemental / (Record no. 208262)
[ view plain ]
| 000 -CABECERA | |
|---|---|
| campo de control de longitud fija | 00618nam a2200193 a 4500 |
| 003 - IDENTIFICADOR DEL NÚMERO DE CONTROL | |
| campo de control | MX-MxUPN |
| 005 - FECHA Y HORA DE LA ÚLTIMA TRANSACCIÓN | |
| campo de control | 20230524063612.0 |
| 008 - ELEMENTOS DE LONGITUD FIJA--INFORMACIÓN GENERAL | |
| campo de control de longitud fija | 220311s1914 mx |||||r|||| 000 0 spa d |
| 040 ## - FUENTE DE LA CATALOGACIÓN | |
| Centro catalogador/agencia de origen | MX-MxUPN |
| Lengua de catalogación | spa |
| Centro/agencia transcriptor | MX-MxUPN |
| 041 0# - CÓDIGO DE IDIOMA | |
| Código de lengua del texto/banda sonora o título independiente | spa |
| 049 ## - COLECCIÓN | |
| Colección | LT |
| 050 #4 - SIGNATURA TOPOGRÁFICA DE LA BIBLIOTECA DEL CONGRESO | |
| Número de clasificación | LB1589 M6 |
| Número de documento/Ítem | R3.4 1914 |
| 100 1# - ASIENTO PRINCIPAL--NOMBRE PERSONAL | |
| Nombre de persona | Ramos, José Manuel |
| 9 (RLIN) | 43958 |
| 245 10 - MENCIÓN DE TÍTULO | |
| Título | Indicaciones metodológicas para la enseñanza de la aritmética elemental / |
| Mención de responsabilidad, etc. | José Manuel Ramos. |
| 260 ## - PUBLICACIÓN, DISTRIBUCIÓN, ETC. | |
| Lugar de publicación, distribución, etc. | México : |
| Nombre del editor, distribuidor, etc. | Librería de la Viudad de Ch. Bouret, |
| Fecha de publicación, distribución, etc. | 1914. |
| 300 ## - DESCRIPCIÓN FÍSICA | |
| Extensión | 155 p. |
| 650 #4 - ASIENTO SECUNDARIO DE MATERIA - TERMINO TEMATICO | |
| Término de materia o nombre geográfico como elemento de entrada | Aritmética |
| Subdivisión general | Estudio y enseñanza (Elemental) |
| 9 (RLIN) | 5289 |
| 905 ## - TIPO DE MATERIAL | |
| Tipo de material | Libro |
| Estado de retiro | Estado de pérdida | Fuente del sistema de clasificación o colocación | Estado dañado | No para préstamo | Código de colección | Localización permanente | Ubicación/localización actual | Ubicación en estantería | Fecha de adquisición | Clasificación | Código de barras | Fecha visto por última vez | Precio válido a partir de | Tipo de ítem Koha |
|---|---|---|---|---|---|---|---|---|---|---|---|---|---|---|
| Library of Congress Classification | Disponible (Préstamo en sala) | Libros de texto | Bib. Gregorio Torres Quintero | Bib. Gregorio Torres Quintero | Colecciones especiales Planta alta | 11/03/2022 | LB1589 M6 R3.4 1914 | 123556 | 11/03/2022 | 11/03/2022 | Libro |
